Entry Nombre personal
001 - NÚMERO DE CONTROL
- campo de control: 238996
003 - IDENTIFICADOR DE NÚMERO DE CONTROL
- campo de control: SpMaBN
005 - FECHA Y HORA DE LA ÚLTIMA TRANSACCIÓN
- campo de control: 20241001103003.0
008 - ELEMENTOS DE DATO DE LONGITUD-FIJA
- campo de control de longitud fija: 030507n| azznnaabn |a aac
016 ## - NÚMERO DE CONTROL DE UNA AGENCIA BIBLIOGRÁFICA NACIONAL
- Número de control del registro: BNE20031059779
040 ## - FUENTE DE CATALOGACIÓN
- Centro catalogador/agencia de origen: SpMaBN
- Lengua de catalogación: spa
- Centro/agencia transcriptor: SpMaBN
- Normas de descripción: rdc
- Convención/Normas de encabezamiento de materia/tesauro: embne
046 ## - FECHAS CON CODIFICACIÓN ESPECIAL
- Fecha de nacimiento: 1961
100 1# - ENCABEZAMIENTO-NOMBRE DE PERSONA
- Nombre de persona: Sansón, Miguel,
- Fechas asociadas al nombre: 1961-
375 ## - GÉNERO/SEXO
- Género: Masculino
400 1# - TRAZADO DE VÉASE--NOMBRE DE PERSONA
- Nombre de persona: Sansón Serván, Miguel,
- Fechas asociadas al nombre: 1961-
670 ## - FUENTE DE DATOS ENCONTRADOS
- Cita de la fuente: Maters matris, 2018;
- Información encontrada: cubierta (Miguel Sansón) página 47 (Miguel Sansón Serván; nació en Almoharín en el año 1961; pintura, escultura y artesanía)
670 ## - FUENTE DE DATOS ENCONTRADOS
- Cita de la fuente: WWW BN España aut., 1-10-2024;
- Información encontrada: (Sansón, Miguel, 1961-)
954 ## - CATALOGADOR -ALTA REGISTRO
- Nombre del catalogador: Inmaculada Vicente Garcia
